[Event "Pamplona 9495 5th"]
[Site "Pamplona"]
[Date "1994.??.??"]
[Round "?"]
[White "Franco Ocampos, Zenon"]
[Black "Comas Fabrego, Luis"]
[Result "0-1"]
[WhiteElo "2490"]
[BlackElo "2490"]
[Annotator "Ribli,Z"]
[PlyCount "90"]
[EventDate "1994.12.??"]
[EventType "tourn"]
[EventRounds "9"]
[EventCountry "ESP"]
[EventCategory "13"]
[SourceTitle "CBM 046"]
[Source "ChessBase"]
[SourceDate "1995.06.01"]
[SourceVersion "1"]
[SourceVersionDate "1995.06.01"]
[SourceQuality "1"]

1. c4 Nf6 2. Nc3 g6 3. g3 Bg7 4. Bg2 O-O 5. e4 d6 6. Nge2 c5 7. O-O Nc6 8. d3
Bd7 9. h3 Ne8 10. Be3 $5 (10. a3 Nc7 11. Rb1 a5 $10 {Meduna,E-Jansa,V/Ekorex
Cup/1995/CBM45/}) 10... Nd4 11. Rb1 Nc7 $6 {Eine kleine Ungenauigket. Schwarz
sollte sofort a5 spielen.} (11... a5 $5 {Ribli,Z-Hug,W/Altensteig/1994/CBM43/})
12. f4 {Voellig auf seine Angriffsplanung konzentriert, ueberlaesst Weiss den
Damen- fluegel dem Gegner. In Betracht kommt 12.b4!? auch.} (12. b4 $5) 12...
Rb8 13. g4 Nxe2+ 14. Nxe2 (14. Qxe2 b5 $13) 14... b5 15. b3 (15. Qd2 bxc4 16.
dxc4 Rb4 17. b3 a5 {Schwarz hat genuegendes Gegenspiel am Damenfluegel.} 18. a3
Rb6 19. Qxa5 Ra6 20. Qd2 Rxa3 $13 {Schwarz gewinnt den Bauern mit gutem Spiel
zurueck.}) 15... bxc4 16. dxc4 Bc6 17. f5 Rb6 18. Qd2 Qa8 19. Ng3 Ne8 $1 {
Schwarz braucht diesen Springer bei der Verteidigung.} 20. Bh6 Bd4+ {Schwarz
will den Laeufer nicht tauschen.} 21. Kh1 {Weiss koennte hier mit 21.Be3 Bg7
22.Bh6 zugwiederholen.} Ng7 22. Rbe1 a5 {Wer ist schneller?} 23. g5 Be5 $1 {
Sehr starkes Qualitaetopfer.} 24. f6 Ne6 25. Bxf8 (25. fxe7 Re8 $15) 25... Qxf8
$44 {Der weisse Angriff ist aus. Schwarz hat fuer die geopferte Qualitaet eine
sehr starke positionelle Kompensation. Fuer mich sieht die schwarze Stellung
viel angenehmer aus.} 26. Nf5 {Franco spielte ein ideenreiches, aber
inkorrektes Springeropfer.} gxf5 27. exf5 Nd4 (27... Bxg2+ $2 28. Qxg2 Nf4 29.
fxe7 Qxe7 30. Rxf4 $18) 28. Bxc6 (28. g6 exf6 $19) 28... Rxc6 29. fxe7 Qxe7 30.
g6 fxg6 31. Qg2 (31. fxg6 hxg6 32. Qg2 Qe6 $19) 31... g5 $1 {Comes gibt einen
Bauern den weissen Angriff zurueckzuschlagen.} 32. f6 Qf7 33. Qxg5+ Kh8 34. Qg4
Ne6 35. Re4 Rc8 $1 {Die letzten Zuege sicherten den schwarzen Koenig. Franco's
Stellung duerfte bereits verloren sein.} 36. Qf5 Rg8 37. Rg4 Rg6 $1 {Noch eine
kleine Feinheit.} 38. Rxg6 hxg6 39. Qe4 Bxf6 40. Qd5 Qe7 41. Qa8+ Kg7 42. Qxa5
$2 {Verkuerzt die Partie.} Qb7+ 43. Kg1 Bd4+ 44. Kh2 Be5+ 45. Kg1 Ng5 {Ribli}
0-1

[Event "Cheliabinsk"]
[Site "Cheliabinsk"]
[Date "1991.??.??"]
[Round "?"]
[White "Filipenko, Alexander V"]
[Black "Gleizerov, Evgeny"]
[Result "0-1"]
[WhiteElo "2370"]
[BlackElo "2485"]
[Annotator "Ribli,Z"]
[PlyCount "86"]
[EventDate "1991.??.??"]
[EventType "tourn"]
[EventRounds "11"]
[EventCountry "URS"]
[EventCategory "7"]
[SourceTitle "CBM 025"]
[Source "ChessBase"]
[SourceDate "1991.12.01"]
[SourceVersion "1"]
[SourceVersionDate "1991.12.01"]
[SourceQuality "1"]

1. c4 Nf6 2. Nc3 g6 3. g3 Bg7 4. Bg2 O-O 5. e4 d6 6. Nge2 c5 7. O-O Nc6 8. d3
Ne8 (8... Bd7 9. h3 a6 10. Be3 Rb8 11. d4 cxd4 12. Nxd4 $13 {Kron,V-Tregubov,P
URS-sf Voronez 1991 EXP/22}) 9. Be3 (9. a3 Nc7 10. Rb1 a5 11. Be3 Bd7 12. Nd5
Ne6 13. b4 axb4 14. axb4 b6 15. Qd2 Ra3 $10 {Sunye Neto,J-Fiorito,F Buenos
Aires 1990 EXP/20}) 9... Nd4 10. Qd2 (10. Rb1 Nc7 11. Qd2 Rb8 12. b4 Nce6 13.
f4 f5 14. bxc5 Nxe2+ 15. Nxe2 Nxc5 16. e5 b6 17. Nc3 Bb7 18. d4 $14 {Schlosser,
P-Vogt,L Wildbad 1990 EXP/20}) 10... Rb8 11. Bxd4 $5 (11. Rab1 Bg4 12. f3 Bd7
13. b4 Nc7 14. f4 b6 15. h3 f5 $13 {Filip-Gligoric Moscow ol 1956}) 11... cxd4
12. Nb5 Qb6 13. a4 a5 14. b4 axb4 15. Qxb4 e5 16. a5 Qd8 17. f4 $6 (17. Rfb1 $5
) 17... Ra8 18. Rfb1 Ra6 19. h3 Nc7 20. f5 Bh6 21. Kh2 Ne8 22. c5 f6 23. Rb2
Rf7 24. h4 Kg7 25. Bh3 gxf5 26. exf5 dxc5 27. Qxc5 Bd7 28. Bg2 Rxa5 29. Rxa5
Qxa5 30. Bd5 b6 31. Qa3 Qxa3 32. Nxa3 Re7 33. g4 Nc7 34. Bc4 Na8 35. Kg1 Bc6
36. Ng3 Ra7 37. Rb3 Bc1 38. Nc2 Be3+ 39. Nxe3 dxe3 40. Rb2 Ra1+ 41. Kh2 Bf3 42.
Ra2 Rxa2+ 43. Bxa2 e2 0-1

[Event "Hoogovens-B"]
[Site "Wijk aan Zee"]
[Date "1999.01.30"]
[Round "10"]
[White "Leitao, Rafael Duailibe"]
[Black "Nijboer, Friso"]
[Result "1-0"]
[WhiteElo "2545"]
[BlackElo "2534"]
[Annotator "Ribli,Z"]
[PlyCount "73"]
[EventDate "1999.01.19"]
[EventType "tourn"]
[EventRounds "11"]
[EventCountry "NED"]
[EventCategory "11"]
[SourceTitle "CBM 069"]
[Source "ChessBase"]
[SourceDate "1999.04.01"]
[SourceVersion "1"]
[SourceVersionDate "1999.04.01"]
[SourceQuality "1"]

1. c4 Nf6 2. Nc3 g6 3. e4 {So kann Weiß die Grünfeld-Indische Verteidigung
vermeiden. Ribli.} d6 4. g3 {Die prinzipielle Fortsetzung wäre 4.e4 mit
Übergang zur Königsindischen Verteidigung.} c5 5. Bg2 Nc6 6. d3 Bg7 7. Nge2 {
das Feld d4 ist schwach, aber der weiße Springer steht elastisch auf e2.} O-O
8. O-O Ne8 {[%csl Yd4][%cal Ge8c7,Gc7e6,Ge6d4] Der schwarze Springer strebt
nach d4. Es wäre aber meines Erachtens besser, ihn zunächst auf f6 zu lassen,
denn wenn Weiß Be3 spielen will, muß er es dann mit h3 vorbereiten, sonst wäre
...Ng4 zu rechnen.} (8... Bd7 $5) (8... Rb8 $5) 9. Be3 Nc7 (9... Nd4 $5 {
[#]Ich empfehle diesen Zug, denn wenn Weiß wie in der Partie 10.d4 durchsetzen
kann, erlangt er Vorteil im Zentrum.} 10. Rb1 a5 $5 (10... Bd7 11. b4 b6 12. f4
Nc7 13. h3 Nce6 14. Kh2 a5 15. b5 Ra7 16. f5 Nxe2 17. Nxe2 Nd4 18. Nxd4 Bxd4
19. Bxd4 cxd4 20. Qd2 Qc7 21. Qg5 Bc8 22. Qh6 Qc5 23. Rf4 {1-0 Barcenilla,
R-Mohd,S/Singapore 1997/CBM 58 ext (36)}) (10... Nc7 11. b4 Nce6 12. a3 Rb8 13.
Qd2 Nxe2+ 14. Nxe2 Nd4 15. Nxd4 cxd4 16. Bg5 f6 17. Bh6 e5 18. Bxg7 Kxg7 19. f4
Bd7 20. f5 g5 {1/2-1/2 Jirovsky,M-Thiede,L/Berlin 1997/CBM 59 ext (26)}) 11. a3
(11. Qd2 Nc7 12. f4 f5 13. Nd5 Nce6 14. Kh1 Nc6 15. Nec3 Ned4 16. Bg1 e6 17.
Ne3 a4 {1/2-1/2 Makarichev,S-Drozdov,I/Kazan 1995/CBM 51 (49)}) 11... Nc7 12.
b4 axb4 13. axb4 b6 14. e5 Ra3 15. exd6 Nxe2+ 16. Qxe2 exd6 17. Ne4 Ne6 18. Qd2
Bb7 {0-1 Genba,V-Korotylev,A/Moscow 1995/CBM 46 (39)}) 10. d4 cxd4 11. Nxd4 Ne6
(11... Ne5 12. b3 Ne6 13. Nde2 Ng4 14. Bd2 Nc5 15. h3 Ne5 16. Be3 Rb8 17. Rc1
b6 18. f4 Ned3 19. Rc2 Nb4 20. Rd2 Qe8 21. a3 Nc6 {1-0 Skrobek,R-Gorecki,A/
Polanica Zdroj 1992/EXT 98 (46)}) (11... Bd7 12. b3 Nxd4 13. Bxd4 Bc6 14. Rc1
b6 15. Bxg7 Kxg7 16. Qd2 Ne6 17. f4 {1-0 Ribli,Z-Banas,J/AUT 1995/EXT 99 (47)})
12. Nde2 $5 (12. Nxe6 $2 Bxe6) 12... Bd7 (12... a6 13. Rc1 Rb8 14. b3 Bd7 15.
Qd2 b5 16. cxb5 axb5 17. Nd5 {1-0 Sidwall,A-Paulo,M/Hallsberg 1991/EXT 97 (25)}
) (12... Ne5 13. b3 Ng4 14. Bd2 Nd4 15. h3 Nxe2+ 16. Qxe2 Ne5 17. Rac1 Nc6 18.
Be3 Qa5 19. Qd2 {1/2-1/2 Byrne,D-Gheorghiu,F/Vinkovci 1968/MCD (19)}) (12...
Nc5 13. b3 a5 14. Rb1 f5 15. Qd2 fxe4 16. Nxe4 Nxe4 17. Bxe4 Bf5 18. Bxf5 Rxf5
19. Rbd1 {1/2-1/2 Radulov,I-Kavalek,L/Nice 1974/MCD (28)}) 13. Rc1 $14 (13. Qd2
$6 Ne5 14. b3 Ng4 15. Rac1 Bc6 16. b4 Nxe3 17. Qxe3 a5 18. b5 Bd7 19. Na4 Rb8
20. Rfd1 b6 21. Nec3 Nc5 22. Nxc5 bxc5 23. a4 Be6 24. Ne2 Qc7 25. h4 Rbd8 {
1/2-1/2 Reich,T-Martinovic,S/AUT 1997/EXT 99 (34)}) (13. b3 $5) 13... a6 14. a4
{Gegen den Befreiungszug 14...b5 gerichtet.} Nc5 15. b3 Rc8 16. h3 (16. f4 Bg4)
16... Qa5 17. Nd5 {[%csl Gd5][%cal Rb3b4,Rb4c5,Rb4a5] Weiß droht, 18.b4 zu
spielen. Nach 18...Nxb4 folgt 19.Nxe7+ nebst 19.Nxc8.} Kh8 (17... Rfe8 $5) 18.
Rb1 (18. b4 Nxb4 19. Nxe7 Rcd8 $15 {[%csl Ra4]}) 18... Qd8 19. b4 Ne6 {[%csl
Yb6]} 20. f4 {[%csl Re6] Weiß kontrolliert das ganze Brett. Besonders der
d5-Springer steht ausgezeichnet, während sein Gegenüber auf e6 Probleme hat.} (
20. Bb6 $14) 20... Qe8 21. Bb6 f5 {Nur so kann sich Schwarz dem weißen Druck
entgegenstemmen.} (21... Nb8 {[%cal Rd7a4,Rc8c4]} 22. f5 $36) 22. Qd3 (22. exf5
gxf5 23. Qd3 $14) 22... Ned8 (22... fxe4 23. Bxe4 $14) 23. b5 (23. e5 dxe5 24.
Nc7 Rxc7 25. Bxc7 e4 $132) 23... Nb8 24. Bd4 fxe4 (24... Bxd4+ 25. Qxd4+ e5 26.
Qb6 $16) 25. Bxg7+ Kxg7 26. Qxe4 {[%csl Rg7] Die schwarze Königsstellung ist
geschwächt und dank seiner starken Springerstellung übt Weiß positionellen
Druck im Zentrum aus.} e5 (26... Bf5 27. Qxe7+ (27. Qd4+ e5) 27... Qxe7 28.
Nxe7 Rxc4 29. Nxf5+ Rxf5 30. Rfd1 $36) 27. fxe5 Bf5 {[%cal Rf5b1]} (27... Qxe5
28. Rxf8 Qxe4 29. Bxe4 Kxf8 30. Nb6 $14 {[%csl Gb6]}) 28. Qh4 dxe5 (28... Nd7 {
[%cal Ge8e2]} 29. Rbd1 $14 (29. Rbe1 Nxe5 30. Nd4 $16)) 29. Rbd1 Ne6 30. Ne7
$16 Rc7 31. Nxf5+ Rxf5 (31... gxf5 32. Rd6 $16) 32. Rxf5 gxf5 33. Bd5 {[%csl
Gd5]} Re7 $2 (33... h6 $1) (33... Qd8 $2 34. Qh5 $16) (33... Qg6 $2 34. Bxe6
Qxe6 35. Qg5+ Qg6 36. Qd8 $18) 34. Bxe6 Rxe6 35. Rd8 $18 {[%cal Rd8e8,Rd8b8]
Und Weiß gewinnt eine Figur.} Qf7 36. Rxb8 f4 37. Qg5+ {[%mdl 8224] Schwarz
gab in verlorener Stellung auf.} 1-0

[Event "GER-ch"]
[Site "Bad Neuenahr"]
[Date "1991.??.??"]
[Round "10"]
[White "Schmittdiel, Eckhard"]
[Black "Volke, Karsten"]
[Result "1/2-1/2"]
[WhiteElo "2485"]
[BlackElo "2395"]
[Annotator "Ribli,Z"]
[PlyCount "30"]
[EventDate "1991.06.??"]
[EventType "tourn"]
[EventRounds "15"]
[EventCountry "GER"]
[EventCategory "7"]
[SourceTitle "CBM 024"]
[Source "ChessBase"]
[SourceDate "1991.10.01"]
[SourceVersion "1"]
[SourceVersionDate "1991.10.01"]
[SourceQuality "1"]

1. c4 Nf6 2. Nc3 g6 3. e4 d6 4. g3 Bg7 5. Bg2 O-O 6. Nge2 c5 7. O-O Nc6 8. a3
Ne8 9. Rb1 a5 10. d3 Nc7 11. f4 (11. Be3 Bd7 12. Nd5 Ne6 13. b4 axb4 14. axb4
b6 15. Qd2 Ra3 16. h3 Ned4 17. bxc5 Nxe2+ 18. Qxe2 bxc5 $10 {Sunye Neto,
J-Fiorito,F Buenos Aires 1990 EXP/20}) 11... Bd7 12. Be3 Rb8 13. a4 Nd4 14. h3
f5 15. Nb5 Ncxb5 1/2-1/2

[Event "Altensteig"]
[Site "Altensteig"]
[Date "1991.??.??"]
[Round "11"]
[White "Fauland, Alexander"]
[Black "Schmittdiel, Eckhard"]
[Result "1/2-1/2"]
[WhiteElo "2475"]
[BlackElo "2490"]
[Annotator "Ribli,Z"]
[PlyCount "88"]
[EventDate "1991.07.??"]
[EventType "tourn"]
[EventRounds "11"]
[EventCountry "GER"]
[EventCategory "11"]
[SourceTitle "CBM 025"]
[Source "ChessBase"]
[SourceDate "1991.12.01"]
[SourceVersion "1"]
[SourceVersionDate "1991.12.01"]
[SourceQuality "1"]

1. c4 e5 2. g3 c5 3. Bg2 Nc6 4. Nc3 d6 5. a3 g6 6. e3 Bg7 7. b4 Nge7 8. Rb1 O-O
9. Nge2 (9. d3 f5 10. b5 $6 e4 $1 11. Nge2 exd3 12. Qxd3 Ne5 13. Qc2 Nxc4 14.
O-O Kh8 15. Rd1 Qa5 16. Nd5 Nxd5 17. Bxd5 Ne5 18. Nf4 Qc7 19. Bg2 Rb8 20. Bb2
b6 $15 {Boensch-Uhlmann Berlin 1988 45/(52)}) 9... Rb8 10. O-O Be6 11. d3 Qd7
12. Ne4 (12. Nd5 $5) 12... cxb4 13. axb4 b5 14. cxb5 Rxb5 15. Ba3 Nd5 16. Qa4
Rfb8 17. N2c3 Nxc3 18. Nxc3 R5b6 19. b5 Ne7 20. Rfc1 Bf8 21. Bc6 Qc7 22. Nd5
Nxd5 23. Bxd5 Qe7 24. Bxe6 Qxe6 25. Rb2 (25. Qxa7 Rxb5 (25... Qd5 $1 $10) 26.
Qxb8 Rxb8 27. Rxb8 $14) 25... Qd7 26. Rc6 Rxb5 27. Ra6 R8b7 28. Rxb5 Rxb5 29.
Rxa7 Rb1+ 30. Kg2 Qxa4 31. Rxa4 Ra1 32. Ra8 f6 33. f4 exf4 34. gxf4 f5 35. e4
fxe4 36. dxe4 Kf7 37. e5 Be7 38. Ra7 Ke6 39. Ra6 Kf5 40. exd6 Bxd6 41. Ra5+ Kg4
42. h3+ Kh4 43. Bb4 Rxa5 44. Bxa5 Bxf4 1/2-1/2

[Event "Bundesliga 0506"]
[Site "Germany"]
[Date "2005.11.13"]
[Round "4.8"]
[White "Schlosser, Philipp"]
[Black "Bromberger, Stefan"]
[Result "0-1"]
[WhiteElo "2560"]
[BlackElo "2478"]
[Annotator "Ribli,Z"]
[PlyCount "122"]
[EventDate "2005.10.21"]
[EventType "team-tourn"]
[EventRounds "15"]
[EventCountry "GER"]
[SourceTitle "CBM 110"]
[Source "ChessBase"]
[SourceDate "2006.01.31"]
[SourceVersion "1"]
[SourceVersionDate "2006.01.31"]
[SourceQuality "1"]
[WhiteTeam "Baden-Baden"]
[BlackTeam "Tegernsee"]
[WhiteTeamCountry "GER"]
[BlackTeamCountry "GER"]

1. c4 Nf6 2. Nc3 g6 3. e4 d6 4. g3 Bg7 5. Bg2 c5 6. Nge2 Nc6 7. d3 {Weiß wählt
einen Aufbau, in dem sein d4-Feld schwach ist, aber kontrolliert das Feld d5
und seine Figuren stehen elastisch.} Rb8 8. O-O a6 9. a4 {Es ist notwendig,
dass Weiß die Möglichkeit 9...b5 verhindert.} O-O 10. Rb1 {Weiß konnte sich
diesen Zug sparen und den üblichen Plan mit h3-Be3 fortsetzen.} (10. h3 Ne8 11.
Be3 Nc7 12. d4 cxd4 13. Nxd4 Nxd4 (13... Ne6 $5) 14. Bxd4 Bxd4 15. Qxd4 b5 $6 (
15... a5) 16. cxb5 axb5 17. a5 $16) 10... Bd7 11. h3 Ne8 12. Be3 Nc7 13. d4 {
Das ist die letzte Möglichkeit für Weiß d3-d4 ziehen - sonst spielt Schwarz 13.
..Ne6.} cxd4 14. Nxd4 Nxd4 (14... Ne6) 15. Bxd4 Bxd4 16. Qxd4 a5 $5 $146 {
[%csl Yb4,Yc5][%cal Gc7e6,Ge6c5,Gc7a6,Ga6b4,Ga6c5][%mdl 4] Die Alternative 16..
.b5 ist ebenfalls in Betracht zu ziehen, denn sie bietet Schwarz
ausgezeichnete Ausgleichchancen. Mit dem Textzug möchte Schwarz die
Fortsetzung b2-b4 verhindern und später seinen Springer nach c5 (durch e6,
oder a6) überführen.} (16... b5 17. b4 (17. axb5 axb5 18. cxb5 Nxb5 19. Nxb5
Rxb5 20. Rfc1 Qb8 {1/2-1/2 Burkart,P-Stull,N/Luxembourg 1997/EXT 2005 (49)})
17... Qc8 (17... bxa4) 18. cxb5 axb5 19. a5 (19. Rfc1 $1 $16) 19... Bxh3 20.
Nd5 Nxd5 21. Bxh3 Qxh3 22. Qxd5 Rfc8 {0-1 Porras,D-Minero Pineda,S/Costa Rica
1994/EXT 2003 (48)}) (16... Qc8 17. Kh2 Ne6 18. Qd3 Nc5 19. Qc2 b5 20. cxb5
axb5 21. Nd5 Qd8 22. a5 b4 23. Ra1 Bc6 24. e5 Bxd5 25. Bxd5 Rc8 26. exd6 Qxd6
27. Bg2 {1/2-1/2 Taylor,P-Wendt,J/Rethymnon 2003/(42)}) 17. Qe3 Qc8 (17... Ne6)
18. Kh2 Ne6 {[%cal Ge6c5]} 19. Nd5 {[%csl Gd5]} Re8 20. e5 $1 $14 {[%csl Gg2]
[%cal Gg2a8] Auf diese Weise öffnet Weiß die Diagonale des g2-Läufers.} dxe5
21. Qxe5 Bc6 22. f4 {[%cal Gf4f5]} (22. b3) (22. Rfe1 $14) 22... Bxd5 23. Bxd5
Nf8 24. b4 (24. f5 gxf5 25. Qxf5 Qxf5 26. Rxf5 e6 27. Rg5+ Ng6 28. Bg2 f5 29.
b4 $36) 24... Nd7 25. Qd4 axb4 26. Rxb4 (26. f5) 26... Rd8 27. Bg2 $6 (27. f5
$1 Nf6 28. fxg6 hxg6 29. Rxf6 exf6 30. Rb6 (30. Qxf6 Rxd5 31. cxd5 Qc2+ 32. Kg1
Qc1+ 33. Kg2 Qd2+ $19) 30... Rxd5 31. Qxd5 $36) 27... Nc5 {[%csl Gc5]} 28. Qe3
e6 29. Rfb1 Rd3 30. Qf2 Qc7 31. a5 (31. Rb5) 31... Rbd8 32. R1b2 Ra3 $15 33.
Rb5 Nd3 34. Qe3 Qxc4 $1 (34... Nxb2 35. Qxa3 Nxc4 36. Qc3 (36. Qc5 Qxc5 37.
Rxc5 Nd6) 36... Rc8 37. Rxb7 Qxa5 38. Qf6 Rf8 39. Qd4 $15) 35. Rxb7 Rxa5 36.
Rb8 Rxb8 37. Rxb8+ Kg7 38. Rd8 (38. Qb6 Ra2 39. Qd8 Nxf4 40. gxf4 (40. Qh8+ Kh6
41. Qf8+ Kh5 $19) (40. Qf8+ Kf6 $19) 40... Qxf4+ 41. Kh1 Ra1+ $18) 38... Ra3
39. Rd7 Rc3 40. Bf1 Qc5 41. Qxe6 (41. Qxc5 Nxc5 42. Rc7 $17) 41... Qf2+ 42. Bg2
{R} Qxg3+ $1 $17 {[%mdl 64] Mit dieser schönen Kombination gewinnt Schwarz
einen Bauern.} 43. Kxg3 Nc5+ {[%cal Rc5e6,Rc3g3]} 44. Bf3 Nxe6 {Schwarz hat
einen Bauern mehr und die weißen Bauern sind schwach.} 45. h4 Kf6 {[%csl Rf4]
[%cal Rc3c4,Rc4f4] Die schwarze Drohung ist 46...Rc4 - wonach Weiß nicht
seinen f4-Bauern verteidigen kann.} (45... Rc4 46. Bd5 Rc3+ 47. Kf2 Kf6) 46. f5
gxf5 (46... Kxf5 $6 47. Rxf7+ Ke5 48. Rd7 $15 (48. Rxh7 Nd4 49. Rf7 (49. Kg4
Rxf3 50. h5 Rf4+ 51. Kg3 Nf5+ 52. Kg2 g5 $19) 49... Ke6 50. Rf8 Ke7 51. Rf4
Ne2+ $19)) 47. Kf2 Nc5 48. Ra7 Nd3+ (48... Rc4 49. Rxf7+ Kxf7 50. Bd5+ Kf6 51.
Bxc4 Ke5) 49. Ke2 Ne5 50. Ra6+ Kg7 51. Bd5 Rh3 52. Ra4 Ng6 53. Kf2 Rxh4 $19 {
Der schwarze Materialvorteil entscheidet die Partie.} 54. Ra7 (54. Rxh4 Nxh4
$19) 54... Ne5 55. Re7 Kf6 56. Re8 Rd4 57. Bb7 h5 58. Kg3 h4+ 59. Kh3 Rd3+ 60.
Kxh4 (60. Kh2 h3 $19) 60... Ng6+ 61. Kh5 Rh3# 0-1

[Event "Sochi"]
[Site "Sochi"]
[Date "1993.??.??"]
[Round "?"]
[White "Obukhov, Alexander"]
[Black "Petrushin, Alexander I"]
[Result "0-1"]
[WhiteElo "2490"]
[BlackElo "2410"]
[Annotator "Ribli,Z"]
[PlyCount "68"]
[EventDate "1993.09.??"]
[EventType "tourn"]
[EventRounds "13"]
[EventCountry "RUS"]
[EventCategory "10"]
[SourceTitle "CBM 038"]
[Source "ChessBase"]
[SourceDate "1994.02.01"]
[SourceVersion "1"]
[SourceVersionDate "1994.02.01"]
[SourceQuality "1"]

1. c4 Nf6 2. Nc3 g6 3. g3 Bg7 4. Bg2 O-O 5. e4 c5 6. Nge2 Nc6 7. O-O a6 8. a3
$6 (8. a4 $5 {Tisdall,J-Hellers,F/Skei/1993/CBM38/}) 8... Rb8 9. f4 (9. b4 cxb4
10. axb4 Nxb4 11. d4 $44) 9... d6 10. Rb1 Qc7 11. h3 (11. b4 cxb4 12. axb4 b5
13. cxb5 axb5 14. d4 Bg4 $13) 11... b5 12. Nd5 (12. cxb5 axb5 13. b4 c4 $13)
12... Nxd5 13. cxd5 Nd4 14. b4 e6 $1 15. Nc3 a5 16. Kh2 (16. bxa5 b4 $15) 16...
cxb4 17. axb4 axb4 18. Na2 (18. Rxb4 Qa5 19. Rb1 b4 $17) 18... exd5 19. exd5 b3
20. Nb4 Qc5 21. Nc6 Nxc6 22. dxc6 Be6 23. Bb2 Bxb2 24. Rxb2 Qd4 25. Qc1 Rfc8
26. Re1 Rb6 27. Re3 b4 28. Rb1 Rbxc6 $1 29. Bxc6 Rxc6 30. Qxc6 Qxd2+ 31. Qg2
Qxe3 32. Rb2 Qc3 33. Rf2 Bf5 34. Rf3 b2 0-1

[Event "Samba Cup 2nd"]
[Site "Skanderborg"]
[Date "2005.10.14"]
[Round "1"]
[White "Hansen, Curt"]
[Black "Nisipeanu, Liviu Dieter"]
[Result "1/2-1/2"]
[WhiteElo "2607"]
[BlackElo "2707"]
[Annotator "Ribli,Z"]
[PlyCount "72"]
[EventDate "2005.10.14"]
[EventType "tourn"]
[EventRounds "9"]
[EventCountry "DEN"]
[EventCategory "16"]
[SourceTitle "CBM 110"]
[Source "ChessBase"]
[SourceDate "2006.01.31"]
[SourceVersion "1"]
[SourceVersionDate "2006.01.31"]
[SourceQuality "1"]

1. c4 c5 2. g3 g6 3. Bg2 Bg7 4. Nc3 Nc6 5. e3 {Diese Variante ist ein wenig
passiv für Weiß.} Nh6 {Schwarz möchte nicht die Symmetrie aufrechterhalten;
mit dem Springerzug bereitet er 6...Nf5 vor, von wo aus er das d4-Feld
kontrolliert.} 6. Nge2 Nf5 7. b3 {[%cal Gc1b2,Gb2g7] Weiß entwickelt seinen
schwarzfeldrigen Läufer nach b2 und möchte den g7-Läufer tauschen.} (7. a3 Rb8
8. Rb1 b6 9. b4 Bb7 10. O-O d6 11. d3 O-O 12. Qc2 Qd7 $11) 7... d6 8. Bb2 Bd7
9. d3 a6 10. Qd2 O-O 11. O-O Rb8 {Ein üblicher Plan in solchen Stellungen -
Schwarz bereitet 12...b5 vor.} 12. Nf4 (12. Rad1 b5 (12... Qa5) 13. Ne4 Qa5 14.
Bc3 Bxc3 15. N2xc3 Rfd8 16. f4 {1-0 Bugajski,R-Lachowski,A/Warsaw 1997/EXT
2000 (34)}) (12. Nd5 b5 (12... Bxb2 $2 13. Qxb2 b5 14. cxb5 axb5 15. b4 $1) (
12... e5 $5 13. a4 $5 b6 14. b4 a5 $1 15. b5 Nb4 16. Nec3 Be6 17. Rae1 Ne7 18.
e4 Qd7 19. f4 Bxd5 $1 20. cxd5 exf4 21. gxf4 f5 22. Nd1 Bd4+ $1 $13 {1/2-1/2
Schneider,A-Adorjan,A/Balatonalmadi 1995/ (22)}) 13. Bxg7 Nxg7 14. Rad1 bxc4
15. dxc4 Nb4 16. Ndc3 Bc6 {1/2-1/2 Spraggett,K-Leko,P/Cienfuegos 1997/CBM 59 
(44)}) (12. Ne4 Qa5 (12... Bxb2 13. Qxb2 b5 14. Rad1 Ng7 {1/2-1/2 Perman,
T-Nykopp,J/Vantaa 1996/EXT 99 (49)}) 13. Bc3 Bxc3 14. N4xc3 (14. N2xc3) 14...
b5 $11 15. Rfe1 Rfc8 16. Rad1 {1-0 Andersson,U-Miles,A/Tilburg 1977/MCL/
[Ftacnik] (36)}) 12... b5 13. Ne4 {Das ist die weiße Strategie: er möchte die
schwarzfeldrigen Läufer tauschen.} bxc4 (13... e5 14. Nd5) 14. Bxg7 Nxg7 (14...
Kxg7 15. dxc4 {[%cal Gd2c3,Gc3g7]}) 15. dxc4 (15. bxc4) 15... a5 {[%cal Ga5a4]
[%mdl 32] Schwarz plant mit a5-a4 den weißen Damenflügel zu schwächen.} 16. h4
{[%cal Gh4h5]} (16. Qc3 a4) 16... a4 {Der Kamikaze-Bauer steht ganz gut auf a4
- die schwarze potionelle Drohung ist 17...axb3, wonach der b3P angreifbar
wird. Wenn Weiß auf a4 nimmt, besitzt er drei Schwächen (a2P,a4P,c4P).} 17. Qc3
(17. Qb2) 17... Qa5 18. Qb2 (18. Qxa5 Nxa5) 18... Nb4 19. Rfd1 Bc6 $6 (19...
axb3 20. axb3 Qc7 21. h5) (19... Bg4 $5) 20. a3 Na6 (20... Qa8 $2 21. axb4 Bxe4
22. Rxa4) 21. Nf6+ $1 {[%cal Rg2c6,Rf6g8]} exf6 22. Bxc6 Nc7 (22... Rxb3 23.
Qxf6 $18) 23. Rxd6 $16 {Der Bauer auf b3 "hängt" zwar, aber es gibt so viele
Bauernschwächen in der schwarzen Stellung und seine Springer stehen
unglücklich.} (23. b4 cxb4 24. axb4 Qxb4 25. Qxb4 Rxb4 26. Rxa4 $16) 23... axb3
24. Rxf6 (24. Rad1) 24... Rfd8 25. Bd5 (25. Nd5 Nxd5 26. Bxd5 Rxd5 27. cxd5 c4
{Mit Zugumstellung erhalten wir die Partiefortsetzung.}) 25... Nxd5 26. Nxd5
Rxd5 $5 {Das ist eine gute (praktische) Chance in dieser schweren Stellung.}
27. cxd5 c4 {[%csl Gb3,Gc4]} 28. Rc1 $2 (28. Qe5 $16) {[#]} 28... c3 $1 29.
Rxc3 Qxc3 $1 {[%mdl 512] Ein schönes Opfer, wonach Schwarz nicht verlieren
kann.} 30. Qxc3 b2 {[%csl Gb2][%cal Rb2b1] Plötzlich ist der b-Bauer mit der
Unterstützung des Turms sehr stark.} 31. Rb6 $8 Rxb6 32. Qc8+ Ne8 33. Qxe8+ Kg7
34. Qe5+ $11 Kg8 (34... f6 $4 35. Qc7+ $18) 35. Qe8+ Kg7 36. Qe5+ Kg8 1/2-1/2